[Event "CRO-chT U16"]
[Site "Nasice"]
[Date "2008.12.29"]
[Round "6"]
[White "Grguric, Stjepan Kresimir"]
[Black "Brkic, Grga Filip"]
[Result "1-0"]
[WhiteElo "1905"]
[BlackElo "1753"]
[PlyCount "53"]
[EventDate "2008.12.27"]
[EventType "team-tourn"]
[EventRounds "7"]
[EventCountry "CRO"]
[SourceTitle "CBM 128 Extra"]
[Source "ChessBase"]
[SourceDate "2009.03.05"]
[SourceVersion "2"]
[SourceVersionDate "2009.03.25"]
[SourceQuality "1"]

1. e4 e6 2. d4 b6 3. Bd3 Bb7 4. Nf3 h6 5. c3 c5 6. 0-0 d5 7. e5 Nc6 8. Be3 g5 9. Ne1 Be7 10. Qh5 Qc7 11. f4 g4 12. Qxg4 0-0-0 13. Qg7 Nf6 14. exf6 Rdg8 15. Qxf7 cxd4 16. fxe7 dxe3 17. Qxe6+ Kb8 18. Qxe3 Nxe7 19. Nf3 Ka8 20. Nd4 h5 21. Nd2 Nc6 22. N2f3 Rg4 23. Bf5 Rxf4 24. Nb5 Qb8 25. Nfd4 Nxd4 26. Nxd4 Rxf1+ 27. Rxf1 1-0

[Event "CRO-chT U20 16th"]
[Site "Sv Filip i Jakov"]
[Date "2007.04.10"]
[Round "1"]
[White "Filipovic, Ivan"]
[Black "Brkic, Grga Filip"]
[Result "1/2-1/2"]
[WhiteElo "1997"]
[BlackElo "1888"]
[PlyCount "39"]
[EventDate "2007.04.10"]
[EventType "team-tourn"]
[EventRounds "11"]
[EventCountry "CRO"]
[SourceTitle "EXT 2010"]
[Source "ChessBase"]
[SourceDate "2010.11.25"]
[SourceVersion "1"]
[SourceVersionDate "2010.11.25"]
[SourceQuality "1"]

1. e4 e5 2. Nf3 Nc6 3. Bc4 Nf6 4. d3 d6 5. Ng5 d5 6. exd5 Nxd5 7. Qf3 Be6 8. Nxe6 fxe6 9. Bb5 Qd7 10. 0-0 Bd6 11. Nc3 Ndb4 12. Ba4 Qf7 13. Qxf7+ Kxf7 14. f4 Kg6 15. a3 Nd5 16. Bb3 Nxf4 17. g3 Nh5 18. Bxe6 Nf6 19. Ne4 Nd4 20. Bb3 1/2-1/2